000 00336nam a22001457a 4500
008 210429b ||||| |||| 00| 0 eng d
020 _a9781591940371
041 _aeng
080 _24th
_a37
082 _a37
100 _a46
101 _aEDU
245 _aTen Steps to Building College Reading Skills
_cLangan,J
942 _2udc
_cBK
999 _c57013
_d57013